000 00614nam a22002297a 4500
003 UA-OsUOA
001 20646
007 ta
008 20031102b un ||||| |||| 00| 0 ukr d
090 _a929:91
_bН37
942 _cBK
040 _aUA-OsUOA
_brus
_cUA-OsUOA
_dUA-OsUOA
245 _aНаш Кренкель
_cРед. Е.К.ФедороваСост. Н.Я.БолотниковСост. Б.А.Кремер
300 _a176 с.
955 _a0
041 _arus
080 _a929:91
260 _aЛенинград
_bГидрометиздат
_c1977
044 _aRU
650 7 _2UDC
999 _c306826
_d306826